000 00508nam a2200181Ia 4500
008 180921t2009 xxu||||| |||| 00| 0 sin d
041 _asin
080 _a616.006.04
_bWEE
100 _aWeerasingha,Jayantha.
245 _aමුඛ පිළිකාව පරදවමු
246 _aMuka Pilikawa Paradavamu.
260 _bFaculty of Dental
_aPeradeniya
_c2009
300 _aPl,22p., 23 cm
650 _aDental Diseases
942 _cBK
999 _c16465
_d16465
003 LK-CoDNM
040 _aLK-CoDNM
_dLK-CoDNM
_eLK-CoDNM